000
00336nam a2200133Ia 4500
008
240624s9999 xx 000 0 und d
041
_a
eng
082
_a
658.5 RUS
100
_a
RUSSELL ROBERTA S
245
_a
OPERATIONS MANAGEMENT
250
_a
(4th ed.)
260
_c
2009
_a
New Delhi
_b
Pearson Education
300
_a
846 : p. ; 25cm.
999
_c
13305
_d
13305